| 000 | 01760nam a2200229Ia 4500 | ||
|---|---|---|---|
| 003 | Ost | ||
| 005 | 20260507075330.0 | ||
| 008 | 260507s9999||||xx |||||||||||||| ||und|| | ||
| 020 | _a9789957820398 | ||
| 040 | _cfsecg | ||
| 041 | _aara | ||
| 082 | _a330 | ||
| 100 |
_aالحريري، محمد سرور _eمؤلف |
||
| 245 | 0 |
_aإدارة الأزمات : _bالمشكلات الاقتصادية و المالية و الادارية / _c محمد سرور الحريري |
|
| 260 |
_aعمان: _bدار البداية, _c2010 |
||
| 300 |
_a238 صفحة؛ _c25 سم |
||
| 520 | _aخصائص و مميزات ادارة الازمات و أهخداف علم ادارة الازمات ، وظائف إدارة الازمات مجالات تطبيق علم غدارة الازمات ، مصطلحات علمية خاصة بغدارة الامات ، مشكلات علم ادارة الأزمات و ثمرة هذا العلم ، ادارة الأزمات في القرآن الكريم و في السنة النبوية ، تعريفات علم ادارة الازمات و خصائص الازمات ، كيفية و خطوات و طرق و أساليب التعامل مع الازمات الاقتصادية و المالية و الادارية ، المنهج العلمي المتكامل للتعامل مع الازمات ، كيفية صنع نظام وقاية الازمات الاقتصادية و المالية و الاقتصادية ، حالات عملية و تطبيقية لازمات حقيقية تبحث عن حلول | ||
| 653 | _aالازمات الاقتصادية | ||
| 653 | _aالازمات الاقتصادية ــ ادارة | ||
| 653 | _aالمشكلات الإقتصادية والإجتماعية | ||
| 942 | _cكتاب | ||
| 999 |
_c44000 _d44000 |
||